<?xml version="1.0" encoding="UTF-8"?>
<record
    xmlns:xsi="http://www.w3.org/2001/XMLSchema-instance"
    xsi:schemaLocation="http://www.loc.gov/MARC21/slim http://www.loc.gov/standards/marcxml/schema/MARC21slim.xsd"
    xmlns="http://www.loc.gov/MARC21/slim">

  <leader>00983nam a2200301 i 4500</leader>
  <controlfield tag="001">bg</controlfield>
  <controlfield tag="003">BPK</controlfield>
  <controlfield tag="005">20200813100928.0</controlfield>
  <controlfield tag="008">010328s2000    pl a   f f   |001 0 pol</controlfield>
  <datafield tag="015" ind1=" " ind2=" ">
    <subfield code="a">PB 2001/15586</subfield>
  </datafield>
  <datafield tag="020" ind1=" " ind2=" ">
    <subfield code="a">8385718672</subfield>
  </datafield>
  <datafield tag="040" ind1=" " ind2=" ">
    <subfield code="a">WA N</subfield>
    <subfield code="c">BPK</subfield>
  </datafield>
  <datafield tag="041" ind1="0" ind2=" ">
    <subfield code="a">pol</subfield>
  </datafield>
  <datafield tag="080" ind1=" " ind2=" ">
    <subfield code="a">621.1.01:536.7</subfield>
  </datafield>
  <datafield tag="080" ind1=" " ind2=" ">
    <subfield code="a">(075.8)</subfield>
  </datafield>
  <datafield tag="100" ind1="1" ind2=" ">
    <subfield code="a">Szargut, Jan</subfield>
    <subfield code="d">(1923-2017)</subfield>
    <subfield code="e">Autor</subfield>
  </datafield>
  <datafield tag="245" ind1="1" ind2="0">
    <subfield code="a">Termodynamika techniczna /</subfield>
    <subfield code="c">Jan Szargut.</subfield>
  </datafield>
  <datafield tag="250" ind1=" " ind2=" ">
    <subfield code="a">Wyd. 3 popr. i uzup.</subfield>
  </datafield>
  <datafield tag="260" ind1=" " ind2=" ">
    <subfield code="a">Gliwice :</subfield>
    <subfield code="b">Wydaw. Politechniki &#x15A;l&#x105;skiej,</subfield>
    <subfield code="c">2000.</subfield>
  </datafield>
  <datafield tag="300" ind1=" " ind2=" ">
    <subfield code="a">684, [3] s., [3] k. tabl. z&#x142;o&#x17C;. :</subfield>
    <subfield code="b">il. ;</subfield>
    <subfield code="c">24 cm.</subfield>
  </datafield>
  <datafield tag="504" ind1=" " ind2=" ">
    <subfield code="a">Bibliogr. - Indeks.</subfield>
  </datafield>
  <datafield tag="521" ind1="8" ind2=" ">
    <subfield code="a">Podr&#x119;cznik akademicki.</subfield>
  </datafield>
  <datafield tag="655" ind1=" " ind2="4">
    <subfield code="a">Podr&#x119;czniki akademickie</subfield>
  </datafield>
  <datafield tag="650" ind1=" " ind2="4">
    <subfield code="a">Termodynamika techniczna</subfield>
  </datafield>
  <datafield tag="710" ind1="2" ind2=" ">
    <subfield code="a">Politechnika &#x15A;l&#x105;ska (Gliwice)</subfield>
    <subfield code="b">Wydawnictwo</subfield>
    <subfield code="4">pbl.</subfield>
  </datafield>
  <datafield tag="942" ind1=" " ind2=" ">
    <subfield code="2">UKD</subfield>
    <subfield code="c">KS</subfield>
  </datafield>
  <datafield tag="856" ind1=" " ind2=" ">
    <subfield code="u">http://koha.tu.koszalin.pl/cgi-bin/koha/opac-detail.pl?biblionumber=45095</subfield>
    <subfield code="y">Katalog online BPK</subfield>
  </datafield>
  <datafield tag="999" ind1=" " ind2=" ">
    <subfield code="c">45095</subfield>
    <subfield code="d">45095</subfield>
  </datafield>
  <datafield tag="952" ind1=" " ind2=" ">
    <subfield code="0">0</subfield>
    <subfield code="1">0</subfield>
    <subfield code="4">0</subfield>
    <subfield code="7">1</subfield>
    <subfield code="a">BPK</subfield>
    <subfield code="b">BPK</subfield>
    <subfield code="c">c</subfield>
    <subfield code="o">73207</subfield>
    <subfield code="p">02219639</subfield>
    <subfield code="t">536 T</subfield>
    <subfield code="y">KS</subfield>
  </datafield>
  <datafield tag="952" ind1=" " ind2=" ">
    <subfield code="0">0</subfield>
    <subfield code="1">0</subfield>
    <subfield code="4">0</subfield>
    <subfield code="7">1</subfield>
    <subfield code="a">ELBUD</subfield>
    <subfield code="b">ELBUD</subfield>
    <subfield code="c">b</subfield>
    <subfield code="o">73208</subfield>
    <subfield code="p">02219622</subfield>
    <subfield code="t">536 C.T</subfield>
    <subfield code="y">KS</subfield>
  </datafield>
</record>
